000 01843cam a2200481 i 4500
020 _a0070472564
082 0 0 _a624.171
_bNOR
_cL-26, P-44
100 1 _aNorris, Charles Head,
_942755
245 1 0 _aElementary structural analysis /
_cCharles Head Norris, John Benson Wilbur, Senol Utku.
250 _a3d ed.
260 _aNew York :
_bMcGraw-Hill,
_cc1976.
300 _axxiii, 673 p. :
_bill. ;
_c24 cm.
500 _aPrevious editions are entered under J. B. Wilbur.
526 _a0
_b0
_c0
_d624_171000000000000_NOR
526 _a0
_b0
_c0
_d624_171000000000000_NOR
526 _a0
_b0
_c0
_d624_171000000000000_NOR
526 _a0
_b0
_c0
_d624_171000000000000_NOR
526 _a0
_b0
_c0
_d624_171000000000000_NOR
526 _a0
_b0
_c0
_d624_171000000000000_NOR
526 _a0
_b0
_c0
_d624_171000000000000_NOR
526 _a0
_b0
_c0
_d624_171000000000000_NOR
526 _a0
_b0
_c0
_d624_171000000000000_NOR
526 _a0
_b0
_c0
_d624_171000000000000_NOR
526 _a0
_b0
_c0
_d624_171000000000000_NOR
526 _a0
_b0
_c0
_d624_171000000000000_NOR
526 _a0
_b0
_c0
_d624_171000000000000_NOR
526 _a0
_b0
_c0
_d624_171000000000000_NOR
526 _a0
_b0
_c0
_d624_171000000000000_NOR
526 _a0
_b0
_c0
_d624_171000000000000_NOR
526 _a0
_b0
_c0
_d624_171000000000000_NOR
526 _a0
_b0
_c0
_d624_171000000000000_NOR
526 _a0
_b0
_c0
_d624_171000000000000_NOR
526 _a0
_b0
_c0
_d624_171000000000000_NOR
526 _a0
_b0
_c0
_d624_171000000000000_NOR
526 _a0
_b0
_c0
_d624_171000000000000_NOR
526 _a0
_b0
_c0
_d624_171000000000000_NOR
526 _a0
_b0
_c0
_d624_171000000000000_NOR
526 _a0
_b0
_c0
_d624_171000000000000_NOR
650 0 _aStructural analysis (Engineering)
_9654
700 1 _aUtku, Senol,
_926877
700 1 _aWilbur, John Benson,
_942756
942 _2ddc
_cBK
999 _c546601
_d546601